| 000 | 00648nam a2200181Ia 4500 | ||
|---|---|---|---|
| 003 | GCL | ||
| 008 | 140319s9999 xx 000 0 ara d | ||
| 040 |
_aGCL / _cGCL |
||
| 082 | 0 | 4 |
_a956.91 _bم د |
| 100 | 1 | _aمنظمة تضامن الشعوب الافريقية ا | |
| 245 | 1 | 0 |
_aدفاعا عن عروبة القدس / _cمنظمة تضامن الشعوب الافريقية ا |
| 300 | _a178 ص | ||
| 490 |
_aالهيئة العامة للاستعلامات _v0 |
||
| 650 | 0 | 4 | _aفلسطين - الوضع الدولى |
| 650 | 0 | 4 | _aفلسطين - تاريخ - العصر الحديث |
| 650 | 0 | 4 | _aالقدس - تاريخ |
| 942 |
_2ddc _cBK |
||
| 999 |
_c48110 _d48110 |
||